Loading...
| History - World | 4 | 1 | 0 | 0 | 70 | 47 | 67.60 | 3 | 5 | 0.00 | 0.00 |
| Science - Biology | 1 | 6 | 1 | 2 | 70 | 46 | 100.86 | 3 | 7 | 0.00 | 0.00 |
| Fine Arts - Auditory | 2 | 4 | 0 | 1 | 70 | 36 | 83.17 | 5 | 6 | 0.00 | 0.00 |
| Social Science | 2 | 4 | 1 | 1 | 65 | 47 | 88.33 | 4 | 6 | 0.00 | 0.00 |
| History - American | 2 | 4 | 1 | 1 | 65 | 26 | 75.17 | 4 | 6 | 0.00 | 0.00 |
| Literature - American | 2 | 3 | 1 | 0 | 55 | 37 | 78.00 | 3 | 5 | 0.00 | 0.00 |
| Literature - European | 1 | 4 | 1 | 2 | 50 | 80 | 105.20 | 2 | 5 | 0.00 | 0.00 |
| 3 | 1 | 1 | 0 | 50 | 54 | 67.50 | 3 | 4 | 0.00 | 0.00 | |
| Beliefs | 2 | 2 | 0 | 0 | 50 | 44 | 73.50 | 3 | 4 | 0.00 | 0.00 |
| History - European | 2 | 2 | 1 | 0 | 45 | 27 | 70.25 | 2 | 4 | 0.00 | 0.00 |
| Current Events | 1 | 1 | 0 | 0 | 25 | 31 | 76.00 | 2 | 2 | 0.00 | 0.00 |
| Other Science: Math | 0 | 2 | 0 | 0 | 20 | 80 | 85.00 | 1 | 2 | 0.00 | 0.00 |
| Chemistry> | 0 | 2 | 0 | 1 | 20 | 89 | 109.00 | 0 | 2 | 0.00 | 0.00 |
| Geography | 1 | 1 | 1 | 0 | 20 | 42 | 62.50 | 2 | 2 | 0.00 | 0.00 |
| Other Arts: Visual | 0 | 2 | 0 | 0 | 20 | 98 | 102.00 | 2 | 2 | 0.00 | 0.00 |
| Other Science: Astronomy | 0 | 2 | 0 | 0 | 20 | 75 | 96.50 | 1 | 2 | 0.00 | 0.00 |
| Fine Arts - Visual | 0 | 2 | 1 | 0 | 15 | 76 | 85.00 | 2 | 2 | 0.00 | 0.00 |
| Science - Physics | 1 | 1 | 2 | 0 | 15 | 65 | 78.00 | 2 | 2 | 0.00 | 0.00 |
| Literature - British | 0 | 2 | 2 | 0 | 10 | 81 | 98.00 | 2 | 2 | 0.00 | 0.00 |
| Ancient History and Archaeology | 1 | 0 | 1 | 0 | 10 | 86 | 86.00 | 1 | 1 | 0.00 | 0.00 |
| Science - Chemistry | 0 | 1 | 0 | 0 | 10 | 84 | 84.00 | 1 | 1 | 0.00 | 0.00 |
| British and Commonwealth History | 1 | 0 | 2 | 0 | 5 | 44 | 44.00 | 1 | 1 | 0.00 | 0.00 |
| Philosophy | 0 | 1 | 2 | 0 | 0 | 92 | 92.00 | 1 | 1 | 0.00 | 0.00 |
| Other Arts: Auditory | 0 | 1 | 2 | 0 | 0 | 95 | 95.00 | 1 | 1 | 0.00 | 0.00 |
| World and Other Literature | 0 | 1 | 2 | 0 | 0 | 116 | 116.00 | 1 | 1 | 0.00 | 0.00 |